000 00865nam a2200265Ia 4500
003 OSt
005 20220926003333.0
006 a|||||r|||| 00| 0
007 ta
008 220923b |||||||| |||| 00| 0 eng d
020 _a0198092113
037 _cGeneral Book
040 _aRTL
_cRTL
_beng
041 _2eng
_aeng
082 _aX6xM83, Q3
100 _aHIRAI Toshiaki
_9307173
245 0 _aKeynesian reflections
_b Effective demand, money, finance, and policies in the crisis
260 _a New Delhi
_bOxford University Press
_c2013
300 _aix, 320p
_ccm.
490 _aIndian Institute of Banking and Finance
700 _a MARCUZZO Maria Cristina
_9307174
700 _a MEHRLING Perry
_9307175
942 _hX6xM83, Q3
_cGB
_2CC
999 _c607549
_d607549